LEADER 00806nam0 2200253 450 001 000005563 005 20041108143915.0 010 $a88-15-10144-6 100 $a20041108d2004----km-y0itay50------ba 101 0 $aita 102 $aIT 200 1 $a<>mercato monetario e la banca centrale$eliquidità bancaria, politica monetaria, sistemi di pagamento$fAngelo Baglioni 210 $aBologna$cIl Mulino$dc2004 215 $a155 p.$d22 cm 225 2 $aRicerca 610 1 $aMercato monetario 610 1 $aBanche centrali$aPolitica monetaria 676 $a332.112 700 1$aBaglioni,$bAngelo$0374751 801 0$aIT $bUNIPARTHENOPE $gRICA $2UNIMARC 912 $a000005563 951 $cNAVA1$a332-M/27$b37216$d20041108 996 $aMercato monetario e la banca centrale$9748482 997 $aUNIPARTHENOPE LEADER 02973nam 22006135 450 001 9910377828203321 005 20250609111628.0 010 $a3-030-38696-1 024 7 $a10.1007/978-3-030-38696-2 035 $a(CKB)4100000010480139 035 $a(DE-He213)978-3-030-38696-2 035 $a(MiAaPQ)EBC6121713 035 $a(PPN)242980937 035 $a(MiAaPQ)EBC6120876 035 $a(EXLCZ)994100000010480139 100 $a20200221d2020 u| 0 101 0 $aeng 135 $aurnn|008mamaa 181 $ctxt$2rdacontent 182 $cc$2rdamedia 183 $acr$2rdacarrier 200 10$aSpringer Series in Light Scattering $eVolume 5: Radiative Transfer, Remote Sensing, and Light Scattering /$fedited by Alexander Kokhanovsky 205 $a1st ed. 2020. 210 1$aCham :$cSpringer International Publishing :$cImprint: Springer,$d2020. 215 $a1 online resource (VII, 237 p. 84 illus., 64 illus. in color.) 225 1 $aSpringer Series in Light Scattering,$x2509-2790 311 08$a3-030-38695-3 320 $aIncludes bibliographical references and index. 327 $aApplication of single and multiple-scattering theories to analyses of space-borne cloud radar and lidar data -- Airborne remote sensing of Arctic clouds -- Snow albedo and radiative transfer: theory, modeling, and parameterization -- Spectral reflectance of soil -- Asymptotic methods in the theory of light scattering by nonspherical particles. 330 $aThis book reviews the spaceborne and airborne remote sensing of clouds including cloud lidar and radar data analysis, snow and soil reflectance spectroscopy, and single light scattering by nonspherical scatterers. Providing deep insights into the latest technologies, it is a valuable resource for scientists and postgraduate students alike. 410 0$aSpringer Series in Light Scattering,$x2509-2790 606 $aLasers 606 $aPhotonics 606 $aEnvironmental sciences 606 $aRemote sensing 606 $aOptics, Lasers, Photonics, Optical Devices$3https://scigraph.springernature.com/ontologies/product-market-codes/P31030 606 $aEnvironmental Science and Engineering$3https://scigraph.springernature.com/ontologies/product-market-codes/G37000 606 $aRemote Sensing/Photogrammetry$3https://scigraph.springernature.com/ontologies/product-market-codes/J13010 615 0$aLasers. 615 0$aPhotonics. 615 0$aEnvironmental sciences. 615 0$aRemote sensing. 615 14$aOptics, Lasers, Photonics, Optical Devices. 615 24$aEnvironmental Science and Engineering. 615 24$aRemote Sensing/Photogrammetry. 676 $a621.36 702 $aKokhanovsky$b Alexander$4edt$4http://id.loc.gov/vocabulary/relators/edt 801 0$bMiAaPQ 801 1$bMiAaPQ 801 2$bMiAaPQ 906 $aBOOK 912 $a9910377828203321 996 $aSpringer Series in Light Scattering$92089783 997 $aUNINA LEADER 05085nam2 22007093i 450 001 SBL0333766 005 20251003044352.0 020 $aIT$b8010908 020 $aIT$b814171 020 $aIT$b816996 020 $aIT$b817728 020 $aIT$b824858 100 $a19910930g1979 ||||0itac50 ba 101 | $aita 102 $ait 181 1$6z01$ai $bxxxe 182 1$6z01$an 183 1$6z01$anc$2RDAcarrier 200 1 $aStudi. 461 1$1001SBL0333765$12001 $aˆIl ‰sistema delle autonomie: rapporti tra Stato e Società civile$ericerca promossa dal Consiglio regionale della Toscana in occasione del 30. della Repubblica e della Costituzione, sotto l'alto patrocinio della Presidenza della Camera dei Deputati$v1 463 1$1001LO10311473$12001 $aˆ10: Il ‰sistema delle autonomie$erapporti fra Stato e società civile$eatti del Convegno sulla ricerca promossa dal Consiglio regionale della Toscana in occasione del 30. della Repubblica e della Costituzione$eFirenze, 20-22 settembre 1979$v10 463 1$1001MIL0040523$12001 $aˆ5: ‰Amministrazione pubblica e istituzioni finanziarie$etra Assemblea costituente e politica della ricostruzione$fa cura di Andrea Orsi Battaglini$v5 463 1$1001MIL0133089$12001 $aˆ7: ‰Tendenze di amministrazione locale nel dopoguerra$fa cura di Ettore Rotelli$v7 463 1$1001MIL0228685$12001 $aˆ1: La ‰fondazione della Repubblica$edalla Costituzione provvisoria alla Assemblea costituente$fa cura di Enzo Cheli$v1 463 1$1001MOD0147521$12001 $aˆ2: ‰Cultura politica e partiti nell'età della Costituente. 2, L'area socialista, il Partito comunista italiano$fa cura di Roberto Ruffilli$v2 463 1$1001SBL0338792$12001 $aˆ2: ‰Cultura politica e partiti nell'età della Costituente. 1, L'area liberal-democratica, il mondo cattolico e la Democrazia cristiana$fa cura di Roberto Ruffilli$v2 463 1$1001SBL0341715$12001 $aˆ3: ‰Scelte della Costituente e cultura giuridica. 1, Costituzione italiana e modelli stranieri$fa cura di Ugo De Siervo$v3 463 1$1001SBL0341716$12001 $aˆ3: ‰Scelte della Costituente e cultura giuridica. 2, Protagonisti e momenti del dibattito costituzionale$fa cura di Ugo De Siervo$v3 463 1$1001TO00347367$12001 $aˆ8: ‰Autonomismo meridionale: ideologia, politica e istituzioni$fa cura di Giorgio Mori$v8 463 1$1001TO01096605$12001 $aˆ4: La ‰cultura economica nel periodo della ricostruzione$fa cura di Giorgio Mori$v4 463 1$1001UBO0301080$12001 $aˆ9: ‰Autonomie e pluralismo nelle posizioni dei partiti e delle parti sociali$fa cura di Roberto Ruffilli$v9 463 1$1001UFI0437537$12001 $aˆ2: ‰Cultura politica e partiti nell'età della Costituente. 1, L'area liberal-democratica$eil mondo cattolico e la Democrazia cristiana$fa cura di Roberto Ruffilli$v2 463 1$1001UFI0437538$12001 $aˆ2: ‰Cultura politica e partiti nell'eta della Costituente. 2, L'area socialista$eil Partito comunista italiano$fa cura di Roberto Ruffilli$v2 463 1$1001UM10132550$12001 $aˆ6: La ‰ricostruzione in Toscana dal CLN ai partiti. 2, I partiti politici$fa cura di Ettore Rotelli$v6 463 1$1001VIA0183381$12001 $aˆ6: La ‰ricostruzione in Toscana dal CLN ai partiti. 1, Il Comitato toscano di liberazione nazionale$fa cura di Ettore Rotelli$v6 606 $aItalia$xAssemblea costituente. 1946-1948$xDocumenti$2FIR$3LO1C224277$9I 606 $aEnti locali$xAutonomia$2FIR$3SBLC141038$9I 606 $aItalia$xCostituzioni politiche$x1948$2FIR$3CFIC004369$9E 606 $aItalia$xStoria$x1945-1948$2FIR$3SBLC010399$9I 676 $a320.945$9SITUAZIONI E CONDIZIONI POLITICHE. Italia$v20 676 $a324.245$9PARTITI POLITICI ITALIANI$v20 676 $a342.042$9LIVELLI DELLO STATO$v20 676 $a342.45$9DIRITTO COSTITUZIONALE E AMMINISTRATIVO. ITALIA$v19 676 $a342.45$9DIRITTO COSTITUZIONALE E AMMINISTRATIVO.$v22 676 $a342.4502$9STRUMENTI FONDAMENTALI DELLO STATO. ITALIA$v20 696 $aRisorse documentarie 699 $aDocumenti$yRisorse documentarie 801 3$aIT$bIT-000000$c19910930 850 $aIT-BN0095 $aIT-AV0002 $aIT-AV0007 $aIT-NA0079 $aIT-NA0581 $aIT-NA0230 $aIT-NA0817 $aIT-NA0580 901 $bNAP PS$cF.ILLIBATO$n$ 901 $bNAP AI$cBIBLIOTECA$n$ 901 $bNAP OS$cBIBLIOTECA$n$ 901 $bNAP AV$cSULLO $n$ 901 $bNAP FC$cFONDO $n$ 901 $bNAP 01$cPOZZO LIB.$nVi sono collocati fondi di economia, periodici di ingegneria e scienze, periodici di economia e statistica e altri fondi comprendenti documenti di economia pervenuti in dono. 901 $bNAP BN$cS.C. $n$ 912 $aSBL0333766 950 2$aBiblioteca Centralizzata di Ateneo$cv. 4$d 01POZZO LIB.ECON MON 8302 967 $m15 977 $a 01$a AI$a AV$a BN$a FC$a IR$a OS$a PS 996 $aStudi$961691 997 $aUNISANNIO